00599 2200169 4500245008500000020002200085250001100107100001900118650001600137005001900153260003200172041001400204084000800218300002200226500017200248336000900420 aAda Kamu , Aku Ada b : Adakah yang Terlambat dalam CintacHuwae, JessicahText a978-602-8150-00-2 aCet. 1 aHuwae, Jessica aNovel Fiksi a20231005094139 aKlatenbDunia Jendelac2008 aIndonesia a813 a138 hlm. :c19 cm aapakah yang membuat seseorang bertahan dalam suatu hubungan yang sudah tidak sehat sekalipun?cinta?status? gengsi kebersamaan yang akhirnya menumbuhkan ketergantungan? atext